Rozvoj kolektívnej formy organizácie práce a odmeňovania v podmienkach nového hospodárskeho mechanizmu 6. celoštátny seminár so zahraničnými prednášateľmi

Uložené v:
Podrobná bibliografia
Médium: Kniha
Jazyk:Slovak
Vydavateľské údaje: Bratislava Dom techn. ČSVTS 1989
Vydanie:1. vyd.
Tagy: Pridať tag
Žiadne tagy, Buďte prvý, kto otaguje tento záznam!

MARC

LEADER 00000nam a2200000 4500
001 c027110
005 20221215071437.0
041 0 |a slo 
044 |a SK 
245 1 0 |a Rozvoj kolektívnej formy organizácie práce a odmeňovania v podmienkach nového hospodárskeho mechanizmu  |b 6. celoštátny seminár so zahraničnými prednášateľmi 
250 |a 1. vyd. 
264 1 |a Bratislava  |b Dom techn. ČSVTS  |c 1989 
300 |a 46 s.